000 00880nam a2200277Ia 4500
003 OSt
005 20221007123726.0
006 a|||||r|||| 00| 0
007 ta
008 221006b |||||||| |||| 00| 0 eng d
020 _a0333926315 (pbk)
024 _a8599
037 _bUnilib,
_cTextual
040 _aCDL
_cCDL
_beng
041 _2eng
_aeng
082 _aE:2, M5.4;1-;2
100 _aKapoor K L
_9525196
245 0 _aTextbook of physical chemistry
260 _aDelhi
_bMacmillan
_c1985
490 _vVol.4
500 _aCONTENTS:V 4: Quantum chemistry and dynamics of chemical reactions (xi,775p); Appendix I-VI 734-769p; Index 770-775p; ^n23/CSL/CARC/2001-2002/349^d2001-11-23^mPurchase
650 _a Physical
_9297719
650 _aChemistry
942 _hE:2, M5.4;1-;2
_cTEXL
_2CC
999 _c1212389
_d1212389